| 000 | 00541nam a22001817a 4500 | ||
|---|---|---|---|
| 005 | 20171031144834.0 | ||
| 010 | _aENG-121132 | ||
| 020 |
_c500.00 _a9789351047933 |
||
| 035 | _aEN-104664 | ||
| 037 | _bDBAD/PUB | ||
| 082 | _a355.0092 | ||
| 245 |
_aMarch of a foot soldier / _cedited by M Sameer |
||
| 260 |
_aBangalore _bLt Col DK Havanoor (Retd) _c2013 |
||
| 270 |
_aC-12/71,BDA MIG Flats, Domlur 2nd Stage _bBangalore _e560071 |
||
| 300 |
_a175p. _c22cm(pbk) |
||
| 700 | _aM Sameer | ||
| 942 |
_2ddc _cEN _h355.0092 _mMAR |
||
| 999 |
_c147046 _d147046 |
||